Surface-water-quality assessment of the upper Illinois River basin in Illinois, Indiana, and Wisconsin : spatial distribution of geochemicals in the fine fraction of streambed sediment, 1987 /

Bibliographic Details
Main Author: Fitzpatrick, Faith A.
Corporate Authors: Geological Survey (U.S.), National Water-Quality Assessment Program (U.S.)
Other Authors: Arnold, Terri L., Colman, John A.
Format: Government Document Book
Language:English
Published: Urbana, Ill. : U.S. Dept. of the Interior, U.S. Geological Survey ; 1998.
Series:Water-resources investigations report ; 98-4109.
Subjects:

MARC

Tag First Indicator Second Indicator Subfields
LEADER 00000cam a2200000 a 4500
001 in00000001575
005 20200422094954.0
008 980929s1998 iluab b f000 0 eng d
035 |a (OCoLC)39952518 
035 |9 AJB6558AM 
040 |d GPO  |d DLC  |d MvI  |d UtOrBLW 
043 |a n-usc-- 
049 |a UDOC 
074 |a 0624-B 
086 0 |a I 19.42/4:98-4109 
100 1 |a Fitzpatrick, Faith A. 
245 1 0 |a Surface-water-quality assessment of the upper Illinois River basin in Illinois, Indiana, and Wisconsin :  |b spatial distribution of geochemicals in the fine fraction of streambed sediment, 1987 /  |c by Faith A. Fitzpatrick, Terri L. Arnold, and John A. Colman. 
246 2 |a Surface water quality assessment of the Upper Illinois River basin in Illinois, Indiana, and Wisconsin 
246 3 0 |a Spatial distribution of geochemicals in the fine fraction of streambed sediment, 1987 
264 1 |a Urbana, Ill. :  |b U.S. Dept. of the Interior, U.S. Geological Survey ;  |c 1998. 
264 2 |a Denver, CO :  |b Branch of Information Services [distributor], 
300 |a vi, 89 pages :  |b illustrations, maps ;  |c 28 cm. 
336 |a text  |b txt  |2 rdacontent 
337 |a unmediated  |b n  |2 rdamedia 
338 |a volume  |b nc  |2 rdacarrier 
490 1 |a Water-resources investigations report ;  |v 98-4109 
500 |a "National Water-Quality Assessment Program"--Cover. 
500 |a Shipping list number: 98-0374-P. 
500 |a Chiefly ill. 
504 |a Includes bibliographical references (page 3). 
650 0 |a Water quality  |z Middle West  |x Measurement. 
650 0 |a Trace elements in water  |z Middle West  |x Measurement. 
650 0 |a River sediments  |z Middle West  |x Analysis. 
700 1 |a Arnold, Terri L. 
700 1 |a Colman, John A. 
710 2 |a Geological Survey (U.S.) 
710 2 |a National Water-Quality Assessment Program (U.S.) 
830 0 |a Water-resources investigations report ;  |v 98-4109. 
999 |a MARS 
999 f f |s 5499f7d6-5619-35c5-b9cd-db02d55c00fa  |i 71572a05-315d-3703-a4d0-4997e329cd95  |t 0 
952 f f |p normal  |a Texas A&M University  |b College Station  |c Sterling C. Evans Library  |d Evans: US Documents (Annex 5th floor)  |t 0  |e I 19.42/4:98-4109  |h Superintendent of Documents classification  |i unmediated -- volume  |m A14824392329 
998 f f |a I 19.42/4:98-4109  |t 0  |l Evans: US Documents (Annex 5th floor)